000
00313nam a22001337a 4500
020
_a
9788171100835
082
_a
491.25 MIS
100
_a
Mishra, Madhusudan
245
_a
An Introduction to Sanskrit
260
_a
Delhi
_b
Parimal Publications
_c
2012
300
_a
384
650
_a
Sanskrit Grammar
942
_c
BK
999
_c
19973
_d
19973